Statistics for Countries that are members of Anti West Coalition at UN

Click here to take the quiz!

General Stats

  • This quiz has been taken 127 times
  • The average score is 12 of 17

Answer Stats

HintAnswer% Correct
6China
100%
9Iran
97%
14Russia
95%
12North Korea
94%
16Syria
84%
7Cuba
80%
17Venezuela
74%
13 (Non UN Member)Palestine
72%
3Belarus
71%
10Laos
67%
5Cambodia
62%
11Nicaragua
56%
1Algeria
53%
8Eritrea
47%
2Angola
40%
4Bolivia
40%
15Saint Vincent and the Grenadines
26%

Score Distribution

Percentile by Number Answered

Percent of People with Each Score

Your Score History

You have not taken this quiz